Elements of the Periodic Table 101-118 - Statistics

General Stats
  • This quiz has been taken 706 times
    704 since last reset
  • The average score is 13 of 18
Answer Stats
Answer % Correct
Rf 104 Rutherfordium
90%
No 102 Nobelium
89%
Md 101 Mendelevium
88%
Lr 103 Lawrencium
87%
Sg 106 Seaborgium
83%
Bh 107 Bohrium
79%
Db 105 Dubnium
79%
Hs 108 Hassium
76%
Mt 109 Meitnerium
71%
Ds 110 Darmstadtium
68%
Nh 113 Nihonium
66%
Cn 112 Copernicium
63%
Rg 111 Roentgenium
63%
Ts 117 Tennessine
63%
Lv 116 Livermorium
62%
Mc 115 Moscovium
61%
Og 118 Oganesson
60%
Fl 114 Flerovium
59%
No matching quizzes found
Score Distribution
Percent of People with Each Score
Percentile by Number Answered
Your Score History
You have not taken this quiz since the last reset